| 000 | 00720nam a2200217 u 4500 | ||
|---|---|---|---|
| 005 | 20240808063723.0 | ||
| 008 | 100427s2003 es r 000 0 spa d | ||
| 020 | _a8471337363 | ||
| 035 | _aUPN01000175531 | ||
| 049 | _aCG | ||
| 050 | 4 |
_aQA76.87 _bP4.2 |
|
| 100 | 1 | _aPérez Delgado, María Luisa | |
| 245 | 1 | 0 |
_aAplicaciones de las redes neuronales artificiales a la estadística / _cMa. Luisa Pérez Delgado, Quintín Martín Martín. |
| 260 |
_aMadrid : _bLa Muralla, _cc2003. |
||
| 300 |
_a140 p. : _bgráfs. |
||
| 440 | 0 |
_aCuadernos de estadística ; _v25 |
|
| 650 | 4 |
_aREDES NEURONALES (COMPUTACION) _915545 |
|
| 650 | 4 |
_aEstadística _92988 |
|
| 700 | 1 |
_aMartín Martín, Quintín, _ecoaut. |
|
| 905 | _aLibro | ||
| 999 |
_c147635 _d147635 |
||